000 00298nam a22001217a 4500
020 _a9789696170495
082 _a398.2
_bCHA
100 _aChaudhary,Abdul Wahid
245 _aThe wolf's hide who's the dishonest
260 _aLahore:
_bRabai book house,
563 _aPB
942 _2ddc
_cBK
999 _c614901
_d614901